| 000 | 00956nam a22002537a 4500 | ||
|---|---|---|---|
| 003 | DO-SdBNP | ||
| 005 | 20240207102759.0 | ||
| 007 | ta | ||
| 008 | 210921b2021 ||||| |||| 00| 0 spa d | ||
| 020 | _a978-9945-22-119-0 | ||
| 040 |
_aDO-SdBNP _bspa _cBNPHU |
||
| 082 |
_axxx _bR432 |
||
| 100 |
_aWooding, Bridget _92231 |
||
| 245 |
_aResumen de investigación : _bimpactos del covid-19 en la población haitiana y sus descendientes en la zona sur de República Dominicana / _cBridget Wooding, Allison J. Petrozziello |
||
| 246 |
_aresearch brief : _bcovid-19 impacts on haitian migrants and their descendants on the southern borden of the Dominican Republic |
||
| 260 |
_aSanto Domingo : _bBúho, _c2021 |
||
| 300 |
_a39 paginas : _bilustraciones ; _c29 cm |
||
| 336 |
_2rdacontent _atexto _btxt |
||
| 337 |
_2rdamedia _asin mediación _bn |
||
| 338 |
_2rdacarrier _avolumen _bnc |
||
| 590 | _aInventariado, 2021 / DG | ||
| 910 | _aD/G | ||
| 942 |
_2ddc _cLBS1 |
||
| 999 |
_c50608 _d50608 |
||